[Event "22nd Hoogeveen Open 2018"]
[Site "Hoogeveen"]
[Date "2018.10.26"]
[Round "8"]
[White "Kokje, Joris"]
[Black "Minko, Dmitry"]
[Result "0-1"]
[WhiteElo "2232"]
[BlackElo "2011"]
[Annotator "NA"]
[PlyCount "74"]
[EventDate "2018.10.20"]
[EventType "swiss"]
[EventCountry "NED"]
[SourceTitle "playchess.com"]
[Source "ChessBase"]
[SourceQuality "1"]
[TimeControl "40/5400+30:1800+30"]

1. d4 {[%emt 0:00:00]} d5 {[%emt 0:00:00]} 2. c4 {[%emt 0:00:00]} e6 {[%emt 0:00:00]} 3. Nf3 {[%emt 0:00:00]} Nf6 {[%emt 0:00:00]} 4. g3 {[%emt 0:00:00]} dxc4 {[%emt 0:00:09]} 5. Bg2 {[%emt 0:00:00]} c5 {[%emt 0:00:57]} 6. O-O {[%emt 0:04:41]} Nc6 {[%emt 0:00:53]} 7. Qa4 {[%emt 0:03:07]} Bd7 {[%emt 0:00:17]} 8. Qxc4 {[%emt 0:00:06]} b5 {[%emt 0:00:23]} 9. Qd3 {[%emt 0:00:14]} c4 {[%emt 0:00:32]} 10. Qc2 {[%emt 0:01:38]} Rc8 {[%emt 0:01:36]} 11. Bg5 {[%emt 0:02:49]} Be7 {[%emt 0:08:50] LiveBook: 8 Games} 12. Rd1 $11 {[%emt 0:02:04]} O-O {[%emt 0:03:24]} 13. Nc3 {[%emt 0:06:48]} Qb6 {[%emt 0:07:33]} 14. d5 {[%emt 0:15:28]} Nb4 {[%emt 0:24:04]} 15. Qd2 {[%emt 0:14:35]} Nbxd5 {[%emt 0:06:07]} 16. Ne5 {[%emt 0:00:18]} Rfd8 {[%emt 0:01:02]} 17. Bxd5 {[%emt 0:01:40]} exd5 {[%emt 0:04:46]} 18. Bxf6 {[%emt 0:01:22]} Qxf6 {[%emt 0:10:10]} 19. Nxd7 {[%emt 0:01:56]} Rxd7 {[%emt 0:00:35]} 20. Nxd5 {[%emt 0:00:43]} Qe6 {[%emt 0:03:29]} 21. e4 {[%emt 0:05:37]} Rcd8 {[%emt 0:01:05]} 22. Qe3 {[%emt 0:03:55]} Bf8 {[%emt 0:03:56]} 23. Re1 {[%emt 0:05:44]} f5 {[%emt 0:02:55]} 24. f3 {[%emt 0:04:09]} Rxd5 {[%emt 0:01:15]} 25. exd5 {[%emt 0:00:19]} Qxe3+ {[%emt 0:00:05]} 26. Rxe3 {[%emt 0:00:04]} Bc5 {[%emt 0:00:06]} 27. Kf2 {[%emt 0:00:11]} Rxd5 {[%emt 0:00:08]} 28. Ke2 {[%emt 0:00:10]} Bxe3 {[%emt 0:00:15]} 29. Kxe3 {[%emt 0:00:04]} Rd3+ {[%emt 0:01:25]} 30. Kf4 {[%emt 0:03:53]} Kf7 {[%emt 0:01:06]} 31. a4 {[%emt 0:01:57]} Kf6 {[%emt 0:01:23]} 32. h4 {[%emt 0:00:06]} b4 {[%emt 0:04:21]} 33. Rc1 {[%emt 0:00:47]} c3 {[%emt 0:01:32]} 34. bxc3 {[%emt 0:00:10]} Rxc3 {[%emt 0:00:19]} 35. Rd1 {[%emt 0:01:56]} b3 {[%emt 0:00:36]} 36. Rd6+ {[%emt 0:00:49]} Ke7 {[%emt 0:00:13]} 37. Rd4 {[%emt 0:00:06]} a5 {[%emt 0:00:23]} 0-1

[Event "22nd Hoogeveen Open 2018"]
[Site "Hoogeveen"]
[Date "2018.10.26"]
[Round "8"]
[White "Sparenberg, Erik"]
[Black "Maters, Arthur"]
[Result "1-0"]
[WhiteElo "2224"]
[BlackElo "1933"]
[Annotator "NA"]
[PlyCount "117"]
[EventDate "2018.10.20"]
[EventType "swiss"]
[EventCountry "NED"]
[SourceTitle "playchess.com"]
[Source "ChessBase"]
[SourceQuality "1"]
[TimeControl "40/5400+30:1800+30"]

1. e4 {[%emt 0:00:00]} c5 {[%emt 0:00:00]} 2. Nf3 {[%emt 0:00:00]} d6 {[%emt 0:00:00]} 3. c3 {[%emt 0:00:05]} Nf6 {[%emt 0:00:00]} 4. Be2 {[%emt 0:00:02]} Nc6 {[%emt 0:01:00] LiveBook: 319 Games} 5. d3 {[%emt 0:04:12]} g6 {[%emt 0:00:21]} 6. O-O {[%emt 0:00:07]} Bg7 {[%emt 0:00:05]} 7. Re1 {[%emt 0:00:25]} O-O {[%emt 0:00:13]} 8. Bf1 {[%emt 0:00:36]} e6 {[%emt 0:13:51]} 9. d4 {[%emt 0:02:18]} Nd7 $14 {[%emt 0:01:46]} 10. Na3 {[%emt 0:16:11]} a6 {[%emt 0:19:31]} 11. Bg5 {[%emt 0:05:59]} f6 {[%emt 0:05:59]} 12. Bh4 {[%emt 0:05:49]} Qc7 {[%emt 0:09:35]} 13. d5 {[%emt 0:09:20]} Nce5 {[%emt 0:04:57]} 14. dxe6 {[%emt 0:01:51]} Nxf3+ {[%emt 0:00:54]} 15. gxf3 {[%emt 0:00:34]} Nb6 {[%emt 0:04:16]} 16. Bg3 {[%emt 0:10:45]} Bxe6 {[%emt 0:02:33]} 17. Bxd6 {[%emt 0:02:35]} Qc6 {[%emt 0:00:12]} 18. Bxf8 {[%emt 0:00:09]} Bxf8 {[%emt 0:00:05]} 19. Qd2 {[%emt 0:07:59]} Bd6 {[%emt 0:03:41]} 20. Rad1 {[%emt 0:04:02]} Rd8 {[%emt 0:05:58]} 21. Qe3 {[%emt 0:02:47]} Qc7 {[%emt 0:01:16]} 22. f4 {[%emt 0:08:05]} Bg4 {[%emt 0:03:01]} 23. f3 {[%emt 0:01:22]} Be6 {[%emt 0:05:30]} 24. e5 {[%emt 0:02:06]} fxe5 {[%emt 0:00:06]} 25. fxe5 {[%emt 0:00:02]} Bf8 {[%emt 0:00:16]} 26. Rxd8 {[%emt 0:00:32]} Qxd8 {[%emt 0:00:07]} 27. c4 {[%emt 0:02:24]} Qh4 {[%emt 0:02:14]} 28. f4 {[%emt 0:03:08]} Bh6 {[%emt 0:02:13]} 29. Qg3 {[%emt 0:00:05]} Qxf4 {[%emt 0:00:07]} 30. Qxf4 {[%emt 0:00:06]} Bxf4 {[%emt 0:00:04]} 31. Bg2 {[%emt 0:02:01]} Nd7 {[%emt 0:01:13]} 32. Bxb7 {[%emt 0:00:34]} Nxe5 {[%emt 0:00:21]} 33. Re4 {[%emt 0:01:16]} g5 {[%emt 0:00:41]} 34. Bd5 {[%emt 0:04:39]} Kf7 {[%emt 0:00:25]} 35. Nb1 {[%emt 0:01:54]} Kf6 {[%emt 0:00:43]} 36. Bxe6 {[%emt 0:00:11]} Kxe6 {[%emt 0:00:06]} 37. Re2 {[%emt 0:01:31]} Kf5 {[%emt 0:00:14]} 38. b3 {[%emt 0:01:38]} h5 {[%emt 0:02:02]} 39. Nc3 {[%emt 0:00:58]} g4 {[%emt 0:00:41]} 40. Kg2 {[%emt 0:01:09]} Nf3 {[%emt 0:02:09]} 41. Rf2 {[%emt 0:03:42]} Be3 {[%emt 0:05:48]} 42. Rxf3+ {[%emt 0:01:03]} gxf3+ {[%emt 0:00:09]} 43. Kxf3 {[%emt 0:00:05]} Bf4 {[%emt 0:03:01]} 44. h3 {[%emt 0:06:53]} Bc1 {[%emt 0:00:35]} 45. Nd5 {[%emt 0:04:04]} a5 {[%emt 0:04:18]} 46. Nc3 {[%emt 0:00:54]} Bb2 {[%emt 0:04:47]} 47. Ne4 {[%emt 0:00:30]} Ba3 {[%emt 0:00:42]} 48. Nf2 {[%emt 0:05:32]} Bb4 {[%emt 0:04:46]} 49. Nd3 {[%emt 0:00:07]} Ba3 {[%emt 0:00:13]} 50. h4 {[%emt 0:01:56]} Bb4 {[%emt 0:00:52]} 51. a4 {[%emt 0:03:04]} Ba3 {[%emt 0:01:19]} 52. Nf4 {[%emt 0:01:03]} Ke5 {[%emt 0:00:37]} 53. Nxh5 {[%emt 0:03:01]} Kd4 {[%emt 0:00:12]} 54. Nf4 {[%emt 0:00:17]} Kc3 {[%emt 0:00:44]} 55. h5 {[%emt 0:00:38]} Kxb3 {[%emt 0:00:16]} 56. Nd3 {[%emt 0:00:26]} Kxc4 {[%emt 0:00:33]} 57. Ke4 {[%emt 0:00:21]} Bb4 {[%emt 0:00:48]} 58. h6 {[%emt 0:00:25]} Bc3 {[%emt 0:01:06]} 59. Ne5+ {[%emt 0:00:05] Kd5+ [%emt 00:00:59]} 1-0

[Event "22nd Hoogeveen Open 2018"]
[Site "Hoogeveen"]
[Date "2018.10.26"]
[Round "8"]
[White "Murray, David"]
[Black "Bertholee, Rob"]
[Result "0-1"]
[WhiteElo "2222"]
[BlackElo "2334"]
[Annotator "NA"]
[PlyCount "92"]
[EventDate "2018.10.20"]
[EventType "swiss"]
[EventCountry "NED"]
[SourceTitle "playchess.com"]
[Source "ChessBase"]
[SourceQuality "1"]
[TimeControl "40/5400+30:1800+30"]

1. d4 {[%emt 0:00:10]} e6 {[%emt 0:00:07]} 2. e4 {[%emt 0:01:11]} d5 {[%emt 0:00:05]} 3. Nc3 {[%emt 0:00:11]} Bb4 {[%emt 0:00:49]} 4. e5 {[%emt 0:00:25]} b6 {[%emt 0:00:22]} 5. Qg4 {[%emt 0:01:45]} Bf8 {[%emt 0:00:05]} 6. h4 {[%emt 0:03:33]} Qd7 {[%emt 0:05:18] LiveBook: 23 Games} 7. a4 {[%emt 0:02:35]} Ba6 {[%emt 0:21:02]} 8. Nb5 {[%emt 0:02:33]} Ne7 $14 {[%emt 0:07:21]} 9. Bd3 {[%emt 0:06:45]} Bb7 {[%emt 0:15:18]} 10. b3 {[%emt 0:08:50]} a6 {[%emt 0:01:05]} 11. Na3 {[%emt 0:01:14]} c5 {[%emt 0:05:26]} 12. c3 {[%emt 0:02:10]} Nbc6 {[%emt 0:04:13]} 13. Nc2 {[%emt 0:02:53]} Na5 {[%emt 0:00:55]} 14. Rb1 {[%emt 0:05:20]} h5 {[%emt 0:07:50]} 15. Qe2 {[%emt 0:03:11]} c4 {[%emt 0:00:59]} 16. bxc4 {[%emt 0:00:30]} dxc4 {[%emt 0:00:01]} 17. Bxc4 {[%emt 0:04:25]} Bxg2 {[%emt 0:05:38]} 18. Rh2 {[%emt 0:00:45]} Bb7 {[%emt 0:05:15]} 19. Bd3 {[%emt 0:10:55]} Qxa4 {[%emt 0:02:08]} 20. Rxb6 {[%emt 0:05:33]} Nd5 {[%emt 0:00:32]} 21. Bxa6 {[%emt 0:01:47]} Rxa6 {[%emt 0:01:21]} 22. Rxa6 {[%emt 0:01:05]} Bxa6 {[%emt 0:01:26]} 23. Qxa6 {[%emt 0:00:13]} Be7 {[%emt 0:04:05]} 24. Qa8+ {[%emt 0:10:35]} Bd8 {[%emt 0:00:04]} 25. Ne3 {[%emt 0:15:27]} Nxc3 {[%emt 0:02:48]} 26. Bb2 {[%emt 0:02:03]} Qb4 {[%emt 0:00:55]} 27. Bxc3 {[%emt 0:01:01]} Qxc3+ {[%emt 0:00:00]} 28. Kf1 {[%emt 0:00:10]} Qxd4 {[%emt 0:00:49]} 29. Nf3 {[%emt 0:00:22]} Qd3+ {[%emt 0:02:09]} 30. Kg2 {[%emt 0:00:55]} O-O {[%emt 0:00:34]} 31. Qa7 {[%emt 0:00:35]} Qg6+ {[%emt 0:00:20]} 32. Kh3 {[%emt 0:00:50]} Qe4 {[%emt 0:00:53]} 33. Kg3 {[%emt 0:01:59]} Nc6 {[%emt 0:00:49]} 34. Qb7 {[%emt 0:01:28]} f5 {[%emt 0:01:53]} 35. Kg2 {[%emt 0:00:59]} Rf7 {[%emt 0:01:11]} 36. Qa8 {[%emt 0:00:33]} f4 {[%emt 0:01:46]} 37. Nf1 {[%emt 0:01:12]} Rd7 {[%emt 0:00:55]} 38. Rh3 {[%emt 0:01:08]} Rd3 {[%emt 0:00:24]} 39. Qc8 {[%emt 0:00:41]} Kh7 {[%emt 0:00:41]} 40. N1h2 {[%emt 0:01:19]} Qg6+ {[%emt 0:00:50]} 41. Ng5+ {[%emt 0:04:03]} Bxg5 {[%emt 0:00:06]} 42. Rxd3 {[%emt 0:00:27]} Bxh4+ {[%emt 0:01:20]} 43. Kh1 {[%emt 0:04:10]} Bxf2 {[%emt 0:08:40]} 44. Ng4 {[%emt 0:02:00]} hxg4 {[%emt 0:05:18]} 45. Qxc6 {[%emt 0:01:40]} f3 {[%emt 0:04:37]} 46. Qc1 {[%emt 0:01:23]} Qh5# {[%emt 0:00:09] Qc7 [%emt 00:00:02] Qg6 Qc8 [%emt 00:00:07]} 0-1

[Event "22nd Hoogeveen Open 2018"]
[Site "Hoogeveen"]
[Date "2018.10.26"]
[Round "8"]
[White "Wedda, Dries"]
[Black "Hilwerda, Jonas"]
[Result "0-1"]
[WhiteElo "2216"]
[BlackElo "2109"]
[Annotator "NA"]
[PlyCount "94"]
[EventDate "2018.10.20"]
[EventType "swiss"]
[EventCountry "NED"]
[SourceTitle "playchess.com"]
[Source "ChessBase"]
[SourceQuality "1"]
[TimeControl "40/5400+30:1800+30"]

1. d4 {[%emt 0:00:00]} Nf6 {[%emt 0:00:00]} 2. c4 {[%emt 0:00:00]} e6 {[%emt 0:00:00]} 3. g3 {[%emt 0:00:00]} d5 {[%emt 0:00:07]} 4. Nf3 {[%emt 0:00:00]} dxc4 {[%emt 0:00:28]} 5. Bg2 {[%emt 0:00:00]} Bd7 {[%emt 0:00:22]} 6. Nbd2 {[%emt 0:00:16]} Bc6 {[%emt 0:00:42] LiveBook: 9 Games} 7. Nxc4 {[%emt 0:00:50]} Bd5 {[%emt 0:00:36]} 8. Ne3 {[%emt 0:09:19]} Be4 {[%emt 0:00:33]} 9. Qa4+ $11 {[%emt 0:12:08]} Nbd7 {[%emt 0:04:57]} 10. O-O {[%emt 0:01:39]} Be7 {[%emt 0:01:14]} 11. Bd2 {[%emt 0:11:31]} O-O {[%emt 0:02:25]} 12. b4 {[%emt 0:01:16]} Nb6 {[%emt 0:08:45]} 13. Qb3 {[%emt 0:00:56]} Nfd5 {[%emt 0:03:33]} 14. Rfc1 {[%emt 0:11:33]} Nxe3 {[%emt 0:35:52]} 15. Qxe3 {[%emt 0:02:19]} Qd5 {[%emt 0:02:18]} 16. a4 {[%emt 0:15:15]} Rac8 {[%emt 0:15:17]} 17. a5 {[%emt 0:04:43]} Nc4 {[%emt 0:06:22]} 18. Rxc4 {[%emt 0:11:00]} Bxf3 {[%emt 0:00:07]} 19. Bxf3 {[%emt 0:01:08]} Qxc4 {[%emt 0:00:01]} 20. Rc1 {[%emt 0:01:10]} Qb5 {[%emt 0:02:24]} 21. d5 {[%emt 0:01:53]} Bd6 {[%emt 0:01:20]} 22. dxe6 {[%emt 0:01:00]} fxe6 {[%emt 0:01:11]} 23. Qxe6+ {[%emt 0:04:59]} Kh8 {[%emt 0:00:01]} 24. Qg4 {[%emt 0:00:25]} Rce8 {[%emt 0:08:24]} 25. h4 {[%emt 0:02:18]} c6 {[%emt 0:02:00]} 26. Qd7 {[%emt 0:02:18]} Rd8 {[%emt 0:00:52]} 27. Qg4 {[%emt 0:00:08]} Be7 {[%emt 0:01:20]} 28. Bc3 {[%emt 0:00:42]} Bf6 {[%emt 0:00:46]} 29. Bxf6 {[%emt 0:00:00]} Rxf6 {[%emt 0:00:06]} 30. Rc5 {[%emt 0:00:05]} Qa4 {[%emt 0:00:22]} 31. Rg5 {[%emt 0:01:54]} Rfd6 {[%emt 0:00:42]} 32. e3 {[%emt 0:00:35]} Rd2 {[%emt 0:00:58]} 33. Rf5 {[%emt 0:00:51]} Qa2 {[%emt 0:01:24]} 34. Qf4 {[%emt 0:00:29]} Qg8 {[%emt 0:00:54]} 35. Be4 {[%emt 0:01:17]} R2d7 {[%emt 0:00:32]} 36. h5 {[%emt 0:01:06]} Re7 {[%emt 0:00:05]} 37. Bc2 {[%emt 0:01:38]} Ree8 {[%emt 0:00:34]} 38. Qg4 {[%emt 0:01:19]} Rf8 {[%emt 0:00:44]} 39. Rg5 {[%emt 0:00:17]} Rd5 {[%emt 0:00:35]} 40. Be4 {[%emt 0:01:04]} Rxg5 {[%emt 0:00:18]} 41. Qxg5 {[%emt 0:30:03]} Qa2 {[%emt 0:05:45]} 42. f3 {[%emt 0:00:00]} Qa1+ {[%emt 0:04:22]} 43. Kg2 {[%emt 0:00:00]} Qb2+ {[%emt 0:00:09]} 44. Kh3 {[%emt 0:00:00]} Qxb4 {[%emt 0:02:14]} 45. Qe5 {[%emt 0:00:00]} Qb5 {[%emt 0:02:13]} 46. Qxb5 {[%emt 0:00:00]} cxb5 {[%emt 0:00:02]} 47. Bd5 {[%emt 0:00:00]} Rf5 {[%emt 0:10:37]} 0-1

[Event "22nd Hoogeveen Open 2018"]
[Site "Hoogeveen"]
[Date "2018.10.26"]
[Round "8"]
[White "Li, Henry"]
[Black "Baskin, Robert"]
[Result "0-1"]
[WhiteElo "2207"]
[BlackElo "2348"]
[Annotator "NA"]
[PlyCount "60"]
[EventDate "2018.10.20"]
[EventType "swiss"]
[EventCountry "NED"]
[SourceTitle "playchess.com"]
[Source "ChessBase"]
[SourceQuality "1"]
[TimeControl "40/5400+30:1800+30"]

1. e4 {[%emt 0:00:00]} e5 {[%emt 0:00:00]} 2. Nf3 {[%emt 0:00:17]} Nc6 {[%emt 0:00:00]} 3. Bb5 {[%emt 0:00:15]} a6 {[%emt 0:00:02]} 4. Ba4 {[%emt 0:00:07]} b5 {[%emt 0:00:12]} 5. Bb3 {[%emt 0:00:06]} Na5 {[%emt 0:00:06]} 6. d4 {[%emt 0:11:48]} exd4 {[%emt 0:00:23]} 7. c3 {[%emt 0:01:01]} ({White should try} 7. Qxd4 Bb7 8. Nc3) 7... Nxb3 {[%emt 0:03:49]} 8. Qxb3 {[%emt 0:00:26]} Bb7 {[%emt 0:07:18]} 9. O-O {[%emt 0:08:52]} Be7 {[%emt 0:06:57]} 10. Nxd4 {[%emt 0:08:42]} Bxe4 $11 {[%emt 0:02:16]} 11. Re1 {[%emt 0:04:10]} Bg6 {[%emt 0:06:41]} 12. Bg5 {[%emt 0:02:56]} c5 {[%emt 0:03:11]} 13. Nf3 {[%emt 0:05:53]} f6 {[%emt 0:01:50]} 14. Bf4 {[%emt 0:02:46]} Bf7 {[%emt 0:05:57]} 15. Qd1 {[%emt 0:08:50]} Be6 {[%emt 0:01:22]} 16. a4 {[%emt 0:02:10]} g5 {[%emt 0:03:15]} 17. Bd6 {[%emt 0:07:03]} Qb6 {[%emt 0:02:11]} 18. Bxe7 {[%emt 0:00:46]} Nxe7 {[%emt 0:00:05]} 19. axb5 {[%emt 0:04:13]} Qxb5 {[%emt 0:05:02]} 20. b4 {[%emt 0:05:24]} g4 {[%emt 0:04:36]} 21. Nh4 {[%emt 0:03:48]} cxb4 {[%emt 0:03:27]} 22. Qd6 {[%emt 0:00:22]} b3 {[%emt 0:02:53]} 23. c4 {[%emt 0:06:25]} Qc6 {[%emt 0:05:48]} 24. Qf4 {[%emt 0:01:26]} Qxc4 {[%emt 0:04:17]} 25. Qh6 {[%emt 0:01:58]} b2 {[%emt 0:03:31]} 26. Ra3 {[%emt 0:00:55]} Kf7 {[%emt 0:00:35]} 27. Rae3 {[%emt 0:03:26]} Rac8 {[%emt 0:01:57]} 28. h3 {[%emt 0:05:08]} Rc5 {[%emt 0:04:48]} 29. hxg4 {[%emt 0:02:47]} Ng8 {[%emt 0:00:30]} 30. Rxe6 {[%emt 0:00:41]} Qxe6 {[%emt 0:03:00]} 0-1

[Event "22nd Hoogeveen Open 2018"]
[Site "Hoogeveen"]
[Date "2018.10.26"]
[Round "8"]
[White "Hulshof, Peter"]
[Black "Hoffman, Ron"]
[Result "1/2-1/2"]
[WhiteElo "2168"]
[BlackElo "2060"]
[Annotator "NA"]
[PlyCount "156"]
[EventDate "2018.10.20"]
[EventType "swiss"]
[EventCountry "NED"]
[SourceTitle "playchess.com"]
[Source "ChessBase"]
[SourceQuality "1"]
[TimeControl "40/5400+30:1800+30"]

1. g3 {[%emt 0:00:00]} g6 {[%emt 0:00:17]} 2. Bg2 {[%emt 0:00:00]} Bg7 {[%emt 0:00:06]} 3. d3 {[%emt 0:00:00]} c5 {[%emt 0:02:01]} 4. e4 {[%emt 0:03:05]} Nc6 {[%emt 0:00:12]} 5. f4 {[%emt 0:00:54]} d6 {[%emt 0:02:10]} 6. Nf3 {[%emt 0:00:25]} e6 {[%emt 0:01:33]} 7. O-O {[%emt 0:00:11]} Nge7 {[%emt 0:00:28]} 8. c3 {[%emt 0:00:33]} b6 {[%emt 0:02:45]} 9. Be3 {[%emt 0:02:03]} d5 {[%emt 0:01:41]} 10. e5 {[%emt 0:05:10]} O-O {[%emt 0:06:55]} 11. Bf2 {[%emt 0:00:41]} Bb7 {[%emt 0:10:41]} 12. Na3 {[%emt 0:04:04]} a6 {[%emt 0:02:00]} 13. Qd2 {[%emt 0:02:35]} Qd7 $14 {[%emt 0:00:51]} 14. Nc2 {[%emt 0:06:13]} f6 {[%emt 0:10:31]} 15. exf6 {[%emt 0:08:35]} Bxf6 {[%emt 0:00:41]} 16. d4 {[%emt 0:00:54]} cxd4 {[%emt 0:01:46]} 17. Ncxd4 {[%emt 0:03:23]} Nf5 {[%emt 0:08:34]} 18. Rae1 {[%emt 0:06:11]} Ng7 {[%emt 0:19:31]} 19. Nxc6 {[%emt 0:08:03]} Qxc6 {[%emt 0:01:19]} 20. Ne5 {[%emt 0:00:22]} Qc7 {[%emt 0:02:30]} 21. Qd4 {[%emt 0:06:05]} b5 {[%emt 0:00:36]} 22. Qb6 {[%emt 0:03:34]} Rac8 {[%emt 0:01:37]} 23. Qxc7 {[%emt 0:03:08]} Rxc7 {[%emt 0:00:02]} 24. Bb6 {[%emt 0:00:10]} Bxe5 {[%emt 0:11:01]} 25. Rxe5 {[%emt 0:00:40]} Rc6 {[%emt 0:01:05]} 26. Bf2 {[%emt 0:00:12]} Rc4 {[%emt 0:00:40]} 27. Rfe1 {[%emt 0:00:23]} Kf7 {[%emt 0:01:33]} 28. Bf1 {[%emt 0:02:17]} Rc6 {[%emt 0:02:19]} 29. a4 {[%emt 0:02:20]} bxa4 {[%emt 0:02:39]} 30. Ra1 {[%emt 0:00:04]} Nf5 {[%emt 0:01:39]} 31. Rxa4 {[%emt 0:00:31]} Nd6 {[%emt 0:00:32]} 32. Rb4 {[%emt 0:00:09]} a5 {[%emt 0:02:23]} 33. Ra4 {[%emt 0:00:32]} Ra8 {[%emt 0:01:52]} 34. Re1 {[%emt 0:01:10]} Nc4 {[%emt 0:00:25]} 35. Rea1 {[%emt 0:05:47]} Rcc8 {[%emt 0:00:35]} 36. Bd4 {[%emt 0:02:50]} Bc6 {[%emt 0:00:13]} 37. R4a2 {[%emt 0:02:51]} a4 {[%emt 0:00:07]} 38. Rd1 {[%emt 0:11:29]} Rab8 {[%emt 0:00:32]} 39. Bxc4 {[%emt 0:00:11]} dxc4 {[%emt 0:00:09]} 40. Kf2 {[%emt 0:00:58]} Rd8 {[%emt 0:02:12]} 41. Rd2 {[%emt 0:30:56]} Rd7 {[%emt 0:03:53]} 42. Ke3 {[%emt 0:00:00]} Rbb7 {[%emt 0:03:37]} 43. Ra1 {[%emt 0:00:00]} Rb8 {[%emt 0:01:21]} 44. Re1 {[%emt 0:00:00]} Rb5 {[%emt 0:03:04]} 45. Ree2 {[%emt 0:00:00]} Rdb7 {[%emt 0:01:52]} 46. Be5 {[%emt 0:00:00]} Bd5 {[%emt 0:00:37]} 47. h4 {[%emt 0:00:00]} h5 {[%emt 0:00:37]} 48. Kf2 {[%emt 0:00:00]} Rb3 {[%emt 0:00:27]} 49. Bd6 {[%emt 0:00:00]} R3b6 {[%emt 0:03:19]} 50. Ba3 {[%emt 0:00:00]} Rd7 {[%emt 0:01:15]} 51. g4 {[%emt 0:00:00]} hxg4 {[%emt 0:00:54]} 52. Kg3 {[%emt 0:00:00]} Rb8 {[%emt 0:00:33]} 53. Kxg4 {[%emt 0:00:00]} Rbd8 {[%emt 0:00:25]} 54. Rd4 {[%emt 0:00:00]} Rh8 {[%emt 0:02:06]} 55. Rh2 {[%emt 0:00:00]} Rdd8 {[%emt 0:02:13]} 56. Rdd2 {[%emt 0:00:00]} Be4 {[%emt 0:01:26]} 57. Bd6 {[%emt 0:00:00]} Rd7 {[%emt 0:02:05]} 58. Be5 {[%emt 0:00:00]} Rhd8 {[%emt 0:00:17]} 59. Bd4 {[%emt 0:00:00]} Rb7 {[%emt 0:00:51]} 60. h5 {[%emt 0:02:46]} gxh5+ {[%emt 0:00:14]} 61. Rxh5 {[%emt 0:00:07]} Rg8+ {[%emt 0:00:21]} 62. Rg5 {[%emt 0:00:06]} Rxg5+ {[%emt 0:01:38]} 63. fxg5 {[%emt 0:01:07]} Kg6 {[%emt 0:00:14]} 64. Rh2 {[%emt 0:01:29]} Rh7 {[%emt 0:00:19]} 65. Rxh7 {[%emt 0:00:04]} Kxh7 {[%emt 0:00:02]} 66. Kf4 {[%emt 0:00:10]} Bf5 {[%emt 0:00:35]} 67. Bf6 {[%emt 0:00:12]} Kg6 {[%emt 0:00:18]} 68. Ke5 {[%emt 0:00:08]} Bg4 {[%emt 0:00:37]} 69. Bd8 {[%emt 0:03:06]} Bf5 {[%emt 0:00:50]} 70. Kd6 {[%emt 0:00:13]} Kf7 {[%emt 0:00:24]} 71. Bb6 {[%emt 0:02:00]} Bc2 {[%emt 0:03:34]} 72. Be3 {[%emt 0:00:33]} Bb3 {[%emt 0:01:08]} 73. Ke5 {[%emt 0:01:52]} Bc2 {[%emt 0:00:17]} 74. Kd4 {[%emt 0:00:13]} Bb3 {[%emt 0:00:05]} 75. Bc1 {[%emt 0:00:26]} Kg6 {[%emt 0:00:37]} 76. Ke5 {[%emt 0:00:09]} Kf7 {[%emt 0:00:04]} 77. Kd4 {[%emt 0:00:04]} Kg6 {[%emt 0:00:07]} 78. Ke5 {[%emt 0:00:04]} Kf7 {[%emt 0:00:23]} 1/2-1/2

[Event "22nd Hoogeveen Open 2018"]
[Site "Hoogeveen"]
[Date "2018.10.26"]
[Round "8"]
[White "Ingebretsen, Jens E"]
[Black "Van Kooten, Luuk"]
[Result "1-0"]
[WhiteElo "2160"]
[BlackElo "2320"]
[Annotator "NA"]
[PlyCount "75"]
[EventDate "2018.10.20"]
[EventType "swiss"]
[EventCountry "NED"]
[SourceTitle "playchess.com"]
[Source "ChessBase"]
[SourceQuality "1"]
[TimeControl "40/5400+30:1800+30"]

1. e4 {[%emt 0:04:16]} g6 {[%emt 0:00:00]} 2. d4 {[%emt 0:00:19]} Bg7 {[%emt 0:00:00]} 3. Nf3 {[%emt 0:00:11]} d6 {[%emt 0:00:09]} 4. c3 {[%emt 0:00:06]} Nf6 {[%emt 0:00:34]} 5. Bd3 {[%emt 0:00:15] LiveBook: 1480 Games} O-O {[%emt 0:00:29]} 6. O-O {[%emt 0:00:13]} Nc6 {[%emt 0:00:12]} 7. Be3 {[%emt 0:00:18]} e5 {[%emt 0:00:33]} 8. Nbd2 {[%emt 0:00:14] B07: Pirc Defence: Miscellaneous Systems} h6 {[%emt 0:03:02]} 9. dxe5 {[%emt 0:00:34]} Ng4 {[%emt 0:05:39]} 10. exd6 {[%emt 0:02:09]} Nxe3 $146 {[%emt 0:00:11]} 11. fxe3 {[%emt 0:00:23]} Qxd6 {[%emt 0:00:17]} 12. Nc4 {[%emt 0:03:36]} Qe7 {[%emt 0:05:06]} 13. Qc2 {[%emt 0:01:57]} b5 {[%emt 0:06:10]} 14. Ncd2 {[%emt 0:00:32]} a6 {[%emt 0:01:10]} 15. Nb3 {[%emt 0:03:22]} Bb7 {[%emt 0:03:12]} 16. Rad1 $15 {[%emt 0:02:30]} Rad8 {[%emt 0:01:51]} 17. Nbd4 {[%emt 0:10:42]} Nxd4 18. Nxd4 Be5 {[%emt 0:06:55]} 19. Nf3 {[%emt 0:01:08]} Bg7 {[%emt 0:05:07]} 20. a4 {[%emt 0:03:51]} Qc5 {[%emt 0:14:36]} 21. Nd4 {[%emt 0:02:51]} Qb6 {[%emt 0:08:47]} 22. axb5 {[%emt 0:02:37]} axb5 {[%emt 0:00:36]} 23. Qb3 {[%emt 0:01:35]} c5 {[%emt 0:08:11]} 24. Qxb5 {[%emt 0:03:51]} Rd6 {[%emt 0:06:58]} 25. Nb3 {[%emt 0:06:23]} Qd8 {[%emt 0:05:52]} 26. Nxc5 {[%emt 0:02:23]} Bc6 {[%emt 0:00:25]} 27. Qc4 {[%emt 0:04:48]} Be5 {[%emt 0:01:02]} 28. Rf3 {[%emt 0:04:01]} Kg7 {[%emt 0:01:52]} 29. Rdf1 {[%emt 0:01:02]} Qe7 {[%emt 0:01:51]} 30. b4 {[%emt 0:02:39]} f6 {[%emt 0:00:09]} 31. Ra1 {[%emt 0:02:39]} Rb8 {[%emt 0:04:27]} 32. Ra5 {[%emt 0:02:28]} Be8 {[%emt 0:00:00]} 33. Qb3 {[%emt 0:03:38]} Bxh2+ {[%emt 0:03:25]} 34. Kxh2 {[%emt 0:02:43]} Rxd3 {[%emt 0:05:14]} 35. Nxd3 {[%emt 0:01:24]} Qc7+ {[%emt 0:00:06]} 36. e5 {[%emt 0:00:45]} Qxa5 {[%emt 0:00:06]} 37. exf6+ {[%emt 0:00:14]} Kf8 {[%emt 0:00:07]} 38. Qe6 {[%emt 0:02:43]} 1-0